marguerite - les avions [paroles] - Statistiques

Statistiques générales
  • Ce quiz a été pris 9 fois
  • Le résultat moyen est 60 sur 121
Statistiques - réponses
Réponse % Correct
de
100%
des
100%
est
100%
est-ce
100%
fini
100%
me
100%
même
100%
on
100%
quand
100%
ce
83%
je
83%
loin
83%
partis
83%
qu’c’était
83%
savait
83%
a
67%
à
67%
avions
67%
c’est
67%
ciel
67%
dans
67%
d’Paris
67%
et
67%
gens
67%
jamais ?
67%
la
67%
le
67%
les
67%
ne
67%
qui
67%
qu’il
67%
restent
67%
tombent
67%
tout
67%
un
67%
une
67%
y
67%
amour
50%
collision
50%
deux
50%
dit
50%
était
50%
gars
50%
gentil
50%
grêle
50%
l’seul
50%
mais
50%
mieux
50%
moi
50%
pas
50%
plus
50%
se
50%
s’est
50%
sous
50%
sur
50%
te
50%
tes
50%
toujours
50%
tous
50%
traversent
50%
turbulences ?
50%
adieu
33%
bien
33%
blinde
33%
café
33%
changer
33%
chez
33%
clés
33%
crois
33%
croix
33%
dernière
33%
écrit
33%
étreinte
33%
facile
33%
faire
33%
faudra
33%
fausses
33%
faut
33%
fringues
33%
futur
33%
j’ferme
33%
jolie
33%
jolis
33%
jour
33%
jusqu’au
33%
laisse
33%
lit
33%
l’oreiller
33%
mal
33%
mentir
33%
monde
33%
murs
33%
musique
33%
notes
33%
nuit
33%
partition
33%
peintures
33%
photos
33%
poli
33%
porte
33%
pot
33%
poussière
33%
puis
33%
qu’je
33%
qu’on
33%
rangé
33%
refaire
33%
refroidi
33%
rende
33%
rires
33%
s’affaiblir
33%
sauver
33%
s’croit
33%
solide
33%
s’ra
33%
tapis
33%
t’étais
33%
texte
33%
traces
33%
vu
33%
est-c’qu’on
0%
Aucun quiz correspondant
Distribution des résultats
% des personnes avec chaque résultat
Percentile par nombre de réponses
Votre historique - résultats
Vous n’avez pas pris ce quiz